British Airways fleet by picture - Statistics

General Stats
  • This quiz has been taken 85 times
    75 since last reset
  • The average score is 8 of 10
Answer Stats
Picture Answer % Correct
A380-800
93%
A319-100
90%
A320-200
90%
A350-1000
88%
A321-200
84%
B777-200
78%
B777-300
78%
B787-8
74%
B787-9
71%
E190
59%
No matching quizzes found
Score Distribution
Percent of People with Each Score
Percentile by Number Answered
Your Score History
You have not taken this quiz since the last reset